000 01325nam a2200349 i 4500
001 24399
003 Mx-PuUPA
005 20250623165557.0
008 140415s2018 gera gr 001 0 eng d
020 _a9783290220471
040 _aMx-PuUPA
_bspa
_cMx-PuUPA
_dMx-PuUPA
_erda
041 0 _aeng
245 1 0 _aSearching for the Common Good :
_bPhilosophical, theological and economic approaches /
_cMathias Nebel, Thierry Collaud, editores
250 _a1st edition
260 _a[s.l.] :
_bALFREDO MIGUEL COS SANCHEZ,
_c1995.
264 1 _aBaden-Baden :
_bNomos Verlag ;
_bPano Verlag,
_c2018
300 _a232 páginas :
_bilustraciones ;
_c23 cm
336 _2rdacontent
_atexto
_btxt
337 _2rdamedia
_asin medio
_bn
338 _2rdacarrier
_avolumen
_bnc
490 0 _aReligion - Wirtschaft - Politik ;
_v19
650 7 _2armarc
_aBien común
_xAspectos económicos
_vCongresos
650 7 _2armarc
_aBien común
_xFilosofía
_vCongresos
650 7 _2armarc
_aBien común
_xAspectos religiosos
_vCongresos
650 7 _2armarc
_aÉtica social
700 1 _aNebel, Mathias,
_eeditor
_910465
700 1 _aCollaud, Thierry,
_eeditor
942 _2ddc
_cLI
_h111.82
_iS43
999 _c24399
_d24399